000
00321nam a2200145Ia 4500
008
100122s9999 xx 000 0 und d
082
_b
8662
_a
823.08
100
_a
भावे पु भा
245
_a
रूप
260
_c
1956
300
_a
50
630
_a
रूप
730
_a
रूप
942
_c
BOOK
999
_c
400898
_d
400895